Every US Coaster that permanently closed in 2024 - Statistics

General Stats
  • This quiz has been taken 8 times
    2 since last reset
  • The average score is 7 of 14
Answer Stats
Picture Answer % Correct
Anaconda
100%
Green Lantern
100%
Kingda Ka
100%
La Vibora
100%
Nighthawk
100%
Scorpion
100%
Brava!
50%
Wacky Worm
50%
Biloxi Beach Hurricane
0%
Dragon Coaster
0%
Family Coaster
0%
Hurricane
0%
Safari Coaster
0%
Spinning Coaster
0%
No matching quizzes found
Score Distribution
Percent of People with Each Score
Percentile by Number Answered
Your Score History
You have not taken this quiz since the last reset